LEADER 00872nam a2200217 4500 001 000000331746 003 CaOOAMICUS 005 20191023121351.0 008 181217s2005 it a 000 u ita r 040 $aSeMil$bita 100 1 $aAgosti, Giovanni,$d<1961- >.$0(OLS)http://semarc/name/92761 245 00$aSu Mantegna /$cGiovanni Agosti. 264 1$aMilano :$bFeltrinelli,$c2005- 300 $a v. ;$c22 cm 490 0 $aFuori collana 600 14$aMantegna, Andrea.$0(OLS)http://semarc/subject/10696 774 0 $aAgosti, Giovanni <1961- >$t1: La storia dell'arte libera la testa.$dMilano : Feltrinelli, 2005.$kFuori collana$g1$w()331747 830 0$aFuori collana.$0(OLS)http://semarc/title/426427 996 $6245$aSu Mantegna$9(OLS)http://semarc/title/420461 996 $6264$aMilano :$bFeltrinelli$9(OLS)http://semarc/publisher/30237 LEADER 00771nam a2200181 i 4500 001 000000040242 003 CaOOAMICUS 005 20241030154521.0 008 050526s1993 it u000 u mul u 040 $aSeMil$bita 245 10$aTomo 1. 300 $aXVI, 449 p. ;$c25 cm 773 0 $aFondazione Centro italiano di studi sull'Alto Medioevo $tTeoderico il Grande e i Goti d'Italia.$dSpoleto : Centro Italiano di studi sull'Alto Medioevo, 1993.$kAtti dei congressi / Centro italiano di studi sull'Alto Medioevo$z88-7988-112-4$gTomo1$w()6542 850 $aSeMil 852 $aSeMil$W1$xVenegono$y1$m3TA C 13/1$j251978$B6397$CSeMilBibl$Z2$F6397 $81 961 $aAcquisto: Casa editrice 996 $6245$aTomo 1$9(OLS)http://semarc/title/46685